00393 a2200157 4500003000400000005001700004008004100021020001800062040000900080082002000089100001700109245004400126250001200170260004300182300001000225OSt20240207134445.0240207b |||||||| |||| 00| 0 eng d a9789381788196 coclc a894.8129bKUM/A aKumaran, U K aAnubhavam orma yathra /c U. K. Kumaran a1st ed. aKozhikode:bOlive Publications,c2012. a161p.